El extranjero

Gorde:
Xehetasun bibliografikoak
Egile nagusia: Camus, Albert (Egilea)
Formatua: Liburua
Hizkuntza:gaztelania
Argitaratua: Barcelona Planeta 2000
Edizioa:3a. ed
Saila:Clásicos de Nuestro Tiempo, 5
Gaiak:
Etiketak: Etiketa erantsi
Etiketarik gabe, Izan zaitez lehena erregistro honi etiketa jartzen!

MARC

LEADER 00000nam a2200000 a 4500
001 UCI6548
003 CL-VaPUC
008 080509e20000000SP |||||||||||||||||spa|d
020 |a 8408463845 
082 0 4 |a 843  |b CAM  |2 21 
100 0 |a Camus, Albert  |e author  |9 315220 
245 1 3 |a El extranjero 
250 |a 3a. ed 
300 |a 132 p 
942 |c BK 
945 |d 20080509 00:00:00  |a jtorresc 
260 |a Barcelona  |b Planeta  |c 2000 
650 0 |a Novela francesa  |9 264985 
650 0 |a Literatura francesa  |9 266330 
583 |a last modification  |c 20080509 00:00:00  |k Rodrigo Vera 
490 0 |a Clásicos de Nuestro Tiempo, 5 
999 |c 330020  |d 330018